00546nam a22001577a 4500003000500000038001100005082001900016100003300035245006100068260004500129300001300174500001600187880005000203880006000253880007500313NUST aWaseem a891.43909bJAF aJafri, Syed Hussain Muhammad aPakistani Mashra aur Adab /cSyed hussain Muhammad Jafri aKarachi :bPakistan Study Center,c1987. a242 p. ; aHard cover. 6100-01\raسید حسین محمد جعفری 6245-02\raپاکستانی معاشرہ اور ادب / 6260-03\raکراچی :bپاکستان اسٹڈی سنٹر,c۱۹۸۷.